000 00965nam a2200241 a 4500
001 64161
003 BD-RjUL
005 20211209081258.0
008 170209s1973 ii ||||| |||| 00| f ben d
020 _c: Tk. 8.25
035 _a(BD-RjUL)64291
040 _aBD-RjUL
_bben
_cBD-RjUL
_dBD-RjUL
041 _aben
082 _223
_a891.443
_bHAB 1973
100 _aহায়দার, কুরঅতুলয়েন
_9177439
245 _aবহ্নি সাগর /
_cকুরঅতুলয়েন হায়দার ; অনুবাদ আশীষ সিনহা
260 _aনিউ দিল্লী :
_bন্যাশনাল বুক ট্রাস্ট,
_c১৯৭৩
300 _a[৬], ৩৯৫ পৃ. ;
_c২৩ সেমি.
650 _aবাংলা উপন্যাস
_9170454
650 _aBengali Fiction
_9170455
700 _aসিনহা, আশীষ, অনুবাদক
_9188745
942 _2ddc
_cBK
999 _c64161
_d64161